Nahua - Texte aus San Pedro Jícora in Durango (Record no. 9960)

MARC details
000 -CABECERA
campo de control de longitud fija 00928nam a2200253 a 4500
001 - NÚMERO DE CONTROL
campo de control BRL_1148
005 - FECHA Y HORA DE LA ÚLTIMA TRANSACCIÓN
campo de control 20190320211046.0
008 - DATOS DE LONGITUD FIJA--INFORMACIÓN GENERAL
campo de control de longitud fija 151113s1968----gw-a######---#000-0#ger-#
041 ## - CÓDIGO DE LENGUA
Código de lengua del texto/banda sonora o título independiente ger
044 ## - CÓDIGO DEL PAÍS DE LA ENTIDAD EDITORA/PRODUCTORA
Código MARC del país gw
050 #4 - SIGNATURA TOPOGRÁFICA DE LA BIBLIOTECA DEL CONGRESO
Número de clasificación PM4068
Número de documento/Ítem .P74 1968
100 1# - ENTRADA PRINCIPAL--NOMBRE DE PERSONA
Nombre de persona Preuss, Konrad Theodor
Fechas asociadas al nombre 1869-1938
9 (RLIN) 25937
245 10 - MENCIÓN DE TÍTULO
Título Nahua - Texte aus San Pedro Jícora in Durango
Mención de responsabilidad, etc. Aufgezeichnet von Konrad Theodor Preuss. Aus dem Nachlass u¨bersetzt und herausgegeben von Elsa Ziehm. Mit einem Geleitwort von Gerdt Kutscher.
260 ## - PUBLICACIÓN, DISTRIBUCIÓN, ETC.
Lugar de publicación, distribución, etc. Berlin
Nombre del editor, distribuidor, etc. Gebr. Mann
Fecha de publicación, distribución, etc. 1968
300 ## - DESCRIPCIÓN FÍSICA
Extensión v.
Otras características físicas il.
Dimensiones 30 cm.
440 #0 - MENCIÓN DE SERIE/PUNTO DE ACCESO ADICIONAL--TÍTULO
Título Quellenwerke zur alten Geschichte Amerikas aufgezeichnet in den Sprachen der Eingeborenen
Designación de volumen o secuencia Bd. 9
9 (RLIN) 25938
500 ## - NOTA GENERAL
Nota general v.9 Au1306
500 ## - NOTA GENERAL
Nota general Texto en: nahuatl y alemán.
505 0# - NOTA DE CONTENIDO CON FORMATO
Nota de contenido con formato Contenido: t.1 Mythen und Sagen
650 14 - PUNTO DE ACCESO ADICIONAL DE MATERIA--TÉRMINO DE MATERIA
Término de materia o nombre geográfico como elemento de entrada Literautra nahuatl
9 (RLIN) 25939
700 1# - PUNTO DE ACCESO ADICIONAL--NOMBRE DE PERSONA
Nombre de persona Ziehm, Elsa
9 (RLIN) 25940
902 ## - CATALOGADOR
Iniciales GRL
942 ## - ELEMENTOS DE PUNTO DE ACCESO ADICIONAL (KOHA)
Fuente del sistema de clasificación o colocación Library of Congress Classification
Tipo de ítem Koha Libros
Holdings
Estado de retiro Estado de pérdida Estado dañado No para préstamo Localización permanente Ubicación/localización actual Fecha de adquisición Número de inventario Total de préstamos Signatura topográfica completa Código de barras Fecha visto por última vez Precio válido a partir de Tipo de ítem Koha
El ejemplar forma parte de la colección y puede ser consultado según las políticas vigentes.       Biblioteca Centro de Estudios Ruth D. Lechuga Biblioteca Centro de Estudios Ruth D. Lechuga 15/11/2013 v.9 Au1306   PM4068 .P74 1968 (v.9 Au1306) GRL01263 22/03/2019 22/03/2019 Libros